Estatísticas para Países da Primeira Guerra Mundial

Clique aqui para jogar o quiz

Estatísticas Gerais

  • Esse quiz foi jogado 5 452 vezes
  • A pontuação média é 13 de 21

Estatísticas das Respostas

MortesPaís% Correto
2.037.000Alemanha
99%
2.254.369Rússia
96%
1.397.800França
95%
116.708Estados Unidos
93%
651.000Itália
91%
960.036Reino Unido
89%
4.661Japão
83%
1.494.200Áustria-Hungria
79%
7.222Portugal
69%
58.637Bélgica
65%
64.997Canadá
64%
26.000Grécia
57%
450.000Sérvia
53%
62.081Austrália
48%
87.500Bulgária
47%
335.706Romênia
47%
771.844Império Otomano
36%
18.053Nova Zelândia
33%
9.592África do Sul
27%
13.325Montenegro
19%
1.570Terra Nova
9%

Distribuição das Pontuações

Percentil de Números Respondidos

Porcentagem de Pessoas com Cada Pontuação

Sua Pontuação Histórica

Você não jogou esse quiz